Media framing of the Muslim world : (Record no. 19257)
[ view plain ]
| 000 -LEADER | |
|---|---|
| fixed length control field | 01000cam a2200265 a 4500 |
| 001 - CONTROL NUMBER | |
| control field | 18324461 |
| 005 - DATE AND TIME OF LATEST TRANSACTION | |
| control field | 20150504112435.0 |
| 008 - FIXED-LENGTH DATA ELEMENTS--GENERAL INFORMATION | |
| fixed length control field | 141003t2014 enk frb 001 0 eng d |
| 020 ## - INTERNATIONAL STANDARD BOOK NUMBER | |
| International Standard Book Number | 9781137334824 (pbk.) |
| 020 ## - INTERNATIONAL STANDARD BOOK NUMBER | |
| International Standard Book Number | 9781137334817 (hbk.) |
| 040 ## - CATALOGING SOURCE | |
| Original cataloging agency | YDXCP |
| Language of cataloging | eng |
| Transcribing agency | YDXCP |
| Modifying agency | BTCTA |
| -- | BDX |
| -- | UKMGB |
| -- | CDX |
| -- | OCLCO |
| -- | COO |
| -- | LTSCA |
| -- | SUC |
| -- | DLC |
| -- | EG-ScBUE |
| 082 04 - DEWEY DECIMAL CLASSIFICATION NUMBER | |
| Classification number | 070.449297 |
| Item number | RAN |
| Edition number | 22 |
| 100 1# - MAIN ENTRY--PERSONAL NAME | |
| Personal name | Rane, Halim, |
| Dates associated with a name | 1976- |
| 9 (RLIN) | 37801 |
| 245 10 - TITLE STATEMENT | |
| Title | Media framing of the Muslim world : |
| Remainder of title | conflicts, crises and contexts / |
| Statement of responsibility, etc | Halim Rane, Jacqui Ewart, John Martinkus. |
| 260 ## - PUBLICATION, DISTRIBUTION, ETC. (IMPRINT) | |
| Place of publication, distribution, etc | Basingstoke, England ; |
| -- | New York : |
| Name of publisher, distributor, etc | Palgrave Macmillan / Macmillan Publishers Limited, |
| Date of publication, distribution, etc | c.2014. |
| 300 ## - PHYSICAL DESCRIPTION | |
| Extent | viii, 205 p. ; |
| Dimensions | 22 cm. |
| 500 ## - GENERAL NOTE | |
| General note | Index : p. 203-205. |
| 504 ## - BIBLIOGRAPHY, ETC. NOTE | |
| Bibliography, etc | Bibliography : p. 187-202. |
| 650 #7 - SUBJECT ADDED ENTRY--TOPICAL TERM | |
| Topical term or geographic name as entry element | Islam in mass media. |
| Source of heading or term | BUEsh |
| 9 (RLIN) | 16788 |
| 653 ## - INDEX TERM--UNCONTROLLED | |
| Resource For college | Communication and mass media |
| Arrived date list | May2015 |
| 655 ## - INDEX TERM--GENRE/FORM | |
| Form subdivision | |
| -- | 34232 |
| 700 1# - ADDED ENTRY--PERSONAL NAME | |
| Personal name | Ewart, Jacqui. |
| 9 (RLIN) | 37802 |
| 700 1# - ADDED ENTRY--PERSONAL NAME | |
| Personal name | Martinkus, John. |
| 9 (RLIN) | 37803 |
| 942 ## - ADDED ENTRY ELEMENTS (KOHA) | |
| Source of classification or shelving scheme | Dewey Decimal Classification |
| Call number prefix | 070.449297 RAN |
| Withdrawn status | Item status | Source of classification or shelving scheme | Damaged status | Not for loan | Vendor | Home library | Current library | Shelving location | Date acquired | Source of acquisition | Cost, normal purchase price | Serial Enumeration / chronology | Total Checkouts | Total Renewals | Full call number | Barcode | Date last seen | Date last borrowed | Cost, replacement price | Koha item type |
|---|---|---|---|---|---|---|---|---|---|---|---|---|---|---|---|---|---|---|---|---|
| Dewey Decimal Classification | Alahram | Central Library | Central Library | Lower Floor | 03/05/2015 | 238.00 | 331 | 1 | 36 | 070.449297 RAN | 000038102 | 15/07/2025 | 11/10/2016 | 297.50 | Book - Borrowing |